Does democracy or personal freedom affect the flow and return of IS foreign fighters?
A considerable number of foreign fighters who joined the Islamic State (IS) came from developed countries enjoying high levels of democracy and personal freedom. Even after the demise of the Islamic State, the IS "returnees" remain a source of severe security risk globally. Many countries,...
| VerfasserInnen: | ; |
|---|---|
| Medienart: | Elektronisch Aufsatz |
| Sprache: | Englisch |
| Veröffentlicht: |
2022
|
| In: |
European journal on criminal policy and research
Jahr: 2022, Band: 28, Heft: 2, Seiten: 327-355 |
| Online-Zugang: |
Volltext (lizenzpflichtig) |
| Verfügbarkeit prüfen: | HBZ Gateway |
| Schlagwörter: |
MARC
| LEADER | 00000naa a22000002c 4500 | ||
|---|---|---|---|
| 001 | 1839951907 | ||
| 003 | DE-627 | ||
| 005 | 20230323160420.0 | ||
| 007 | cr uuu---uuuuu | ||
| 008 | 230323s2022 xx |||||o 00| ||eng c | ||
| 024 | 7 | |a 10.1007/s10610-021-09499-y |2 doi | |
| 035 | |a (DE-627)1839951907 | ||
| 035 | |a (DE-599)KXP1839951907 | ||
| 040 | |a DE-627 |b ger |c DE-627 |e rda | ||
| 041 | |a eng | ||
| 084 | |a 2,1 |2 ssgn | ||
| 100 | 1 | |a Gouda, Moamen |e VerfasserIn |4 aut | |
| 109 | |a Gouda, Moamen | ||
| 245 | 1 | 0 | |a Does democracy or personal freedom affect the flow and return of IS foreign fighters? |
| 264 | 1 | |c 2022 | |
| 336 | |a Text |b txt |2 rdacontent | ||
| 337 | |a Computermedien |b c |2 rdamedia | ||
| 338 | |a Online-Ressource |b cr |2 rdacarrier | ||
| 520 | |a A considerable number of foreign fighters who joined the Islamic State (IS) came from developed countries enjoying high levels of democracy and personal freedom. Even after the demise of the Islamic State, the IS "returnees" remain a source of severe security risk globally. Many countries, especially those with a considerable number of IS fighters and returnees, face the challenge of striking the right balance between protecting national security against IS terrorism and preserving fundamental democratic institutions. This paper examines the effect of democracy and personal freedom on foreign fighters joining IS in Syria and Iraq. We also examine whether democracy and/or personal freedom affect the fraction of IS fighters returning home. Whereas the effect of democracy appears to be inconclusive, our cross-country regressions show that countries with a higher level of personal freedom (i) had a significantly larger fraction of their population joining IS, and (ii) receive a significantly larger percentage share of returning IS fighters. Our results are robust across different model specifications and account for possible collinearity concerns. | ||
| 650 | 4 | |a Alliances | |
| 650 | 4 | |a Conflict Resolution | |
| 650 | 4 | |a D74 Conflict | |
| 650 | 4 | |a Democracy | |
| 650 | 4 | |a Economic nationalism | |
| 650 | 4 | |a F51 International conflicts | |
| 650 | 4 | |a F52 National security | |
| 650 | 4 | |a Foreign fighters | |
| 650 | 4 | |a Freedom | |
| 650 | 4 | |a H56 National security and war | |
| 650 | 4 | |a Islamic State | |
| 650 | 4 | |a Negotiations | |
| 650 | 4 | |a P48 Legal institution | |
| 650 | 4 | |a Revolutions | |
| 650 | 4 | |a Sanctions | |
| 650 | 4 | |a Terrorism | |
| 700 | 1 | |a Hanafy, Shimaa |e VerfasserIn |4 aut | |
| 773 | 0 | 8 | |i Enthalten in |t European journal on criminal policy and research |d Dordrecht [u.a.] : Springer Science + Business Media B.V, 1993 |g 28(2022), 2, Seite 327-355 |h Online-Ressource |w (DE-627)320528197 |w (DE-600)2015435-5 |w (DE-576)121465713 |x 1572-9869 |7 nnas |
| 773 | 1 | 8 | |g volume:28 |g year:2022 |g number:2 |g pages:327-355 |
| 856 | 4 | 0 | |u https://doi.org/10.1007/s10610-021-09499-y |x Resolving-System |z lizenzpflichtig |3 Volltext |7 1 |
| 951 | |a AR | ||
| ELC | |a 1 | ||
| LOK | |0 000 xxxxxcx a22 zn 4500 | ||
| LOK | |0 001 4295976873 | ||
| LOK | |0 003 DE-627 | ||
| LOK | |0 004 1839951907 | ||
| LOK | |0 005 20230323160420 | ||
| LOK | |0 008 230323||||||||||||||||ger||||||| | ||
| LOK | |0 040 |a DE-21-110 |c DE-627 |d DE-21-110 | ||
| LOK | |0 092 |o n | ||
| LOK | |0 852 |a DE-21-110 | ||
| LOK | |0 852 1 |9 00 | ||
| LOK | |0 935 |a krub |a krzo | ||
| LOK | |0 939 |a 23-03-23 |b l01 | ||
| ORI | |a SA-MARC-krimdoka001.raw | ||
